[Event "DEM U16w 2025"]
[Site "Willingen GER"]
[Date "2025.06.13"]
[Round "8"]
[White "Richter, Johanna"]
[Black "Halas, Neele Zoe"]
[Result "1/2-1/2"]
[Termination "normal"]
[Board "5"]
[WhiteElo "1834"]
[BlackElo "1804"]
[WhiteClock "00:01:48"]
[BlackClock "00:01:53"]
[PlyCount "66"]
[WhiteFideId "16278925"]
[BlackFideId "16287282"]
[EventCountry "GER"]
[EventRounds "9"]
[EventType "swiss"]
[EventDate "2025.06.07"]

1. d4 {[%clk 01:30:59]} {[%emt 00:00:02]} d5 {[%clk 01:30:34]} {[%emt
00:00:26]} 2. c4 {[%clk 01:31:23]} {[%emt 00:00:05]} dxc4 {[%clk 01:31:01]}
{[%emt 00:00:04]} 3. e3 {[%clk 01:30:25]} {[%emt 00:01:28]} e5 {[%clk
01:31:25]} {[%emt 00:00:05]} 4. Bxc4 {[%clk 01:28:44]} {[%emt 00:02:12]} exd4
{[%clk 01:31:51]} {[%emt 00:00:05]} 5. exd4 {[%clk 01:27:29]} {[%emt 00:01:44]}
Nf6 {[%clk 01:32:06]} {[%emt 00:00:14]} 6. Nc3 {[%clk 01:25:23]} {[%emt
00:02:37]} Bd6 {[%clk 01:30:15]} {[%emt 00:02:21]} 7. Nf3 {[%clk 01:24:29]}
{[%emt 00:01:23]} O-O {[%clk 01:30:01]} {[%emt 00:00:44]} 8. O-O {[%clk
01:24:56]} {[%emt 00:00:04]} Nc6 {[%clk 01:29:02]} {[%emt 00:01:28]} 9. Re1
{[%clk 01:23:10]} {[%emt 00:02:17]} Re8 {[%clk 01:29:25]} {[%emt 00:00:08]} 10.
Be3 {[%clk 01:21:43]} {[%emt 00:01:56]} h6 {[%clk 01:17:19]} {[%emt 00:12:35]}
11. a3 {[%clk 01:21:10]} {[%emt 00:01:04]} Bg4 {[%clk 01:14:30]} {[%emt
00:03:19]} 12. b4 {[%clk 01:13:56]} {[%emt 00:07:44]} Qd7 {[%clk 00:57:36]}
{[%emt 00:17:25]} 13. Rc1 {[%clk 01:01:01]} {[%emt 00:13:24]} Rad8 {[%clk
00:51:45]} {[%emt 00:06:21]} 14. d5 {[%clk 00:54:44]} {[%emt 00:06:47]} Ne5
{[%clk 00:50:13]} {[%emt 00:02:02]} 15. Nxe5 {[%clk 00:49:20]} {[%emt
00:05:53]} Rxe5 {[%clk 00:46:25]} {[%emt 00:04:18]} 16. Qd4 {[%clk 00:37:33]}
{[%emt 00:12:18]} a6 {[%clk 00:34:58]} {[%emt 00:11:57]} 17. Bxh6 {[%clk
00:25:06]} {[%emt 00:12:56]} Qf5 {[%clk 00:23:03]} {[%emt 00:12:26]} 18. Be3
{[%clk 00:18:37]} {[%emt 00:06:57]} Rde8 {[%clk 00:21:41]} {[%emt 00:01:54]}
19. Qd2 {[%clk 00:11:59]} {[%emt 00:07:07]} Qg6 {[%clk 00:16:44]} {[%emt
00:05:28]} 20. Kf1 {[%clk 00:05:56]} {[%emt 00:06:33]} Rh5 {[%clk 00:13:19]}
{[%emt 00:03:54]} 21. Bf4 {[%clk 00:04:04]} {[%emt 00:02:22]} Rxe1+ {[%emt
00:04:39]} 22. Rxe1 {[%emt 00:00:01]} Bxf4 {[%clk 00:08:14]} {[%emt 00:01:26]}
23. Qxf4 {[%clk 00:05:02]} {[%emt 00:00:01]} Qc2 {[%clk 00:08:23]} {[%emt
00:00:21]} 24. Ne4 {[%clk 00:01:18]} {[%emt 00:04:14]} Qxc4+ {[%emt 00:02:16]}
25. Kg1 Qxd5 {[%clk 00:02:19]} {[%emt 00:04:49]} 26. Nxf6+ gxf6 {[%clk
00:02:48]} 27. Qxg4+ {[%clk 00:02:36]} {[%emt 00:00:01]} Rg5 {[%clk 00:03:05]}
{[%emt 00:00:12]} 28. Qh3 {[%clk 00:01:58]} {[%emt 00:01:07]} Kg7 {[%clk
00:02:01]} {[%emt 00:01:34]} 29. g3 {[%clk 00:01:11]} {[%emt 00:01:18]} c5
{[%clk 00:01:13]} {[%emt 00:01:18]} 30. Qh4 {[%clk 00:00:42]} {[%emt 00:00:59]}
Qd2 {[%clk 00:01:00]} {[%emt 00:00:43]} 31. Qe4 {[%clk 00:01:07]} {[%emt
00:00:04]} Re5 {[%clk 00:01:20]} {[%emt 00:00:10]} 32. Qg4+ {[%clk 00:01:36]}
Rg5 {[%clk 00:01:31]} {[%emt 00:00:19]} 33. Qe4 {[%clk 00:01:48]} {[%emt
00:00:18]} Re5 {[%clk 00:01:53]} {[%emt 00:00:09]} 1/2-1/2

[Event "DEM U16w 2025"]
[Site "Willingen GER"]
[Date "2025.06.13"]
[Round "8"]
[White "Mamani Orozco, Camila Guianella"]
[Black "Weng, Yueyi Elina"]
[Result "0-1"]
[Termination "normal"]
[Board "6"]
[WhiteElo "1689"]
[BlackElo "1805"]
[WhiteClock "00:02:57"]
[BlackClock "00:03:15"]
[PlyCount "96"]
[WhiteFideId "3877663"]
[BlackFideId "34639896"]
[EventCountry "GER"]
[EventRounds "9"]
[EventType "swiss"]
[EventDate "2025.06.07"]

1. d4 {[%clk 01:30:56]} {[%emt 00:00:03]} d5 {[%clk 01:30:52]} {[%emt
00:00:09]} 2. c4 {[%clk 01:31:21]} {[%emt 00:00:04]} e6 {[%clk 01:31:17]}
{[%emt 00:00:05]} 3. Nf3 {[%clk 01:31:03]} {[%emt 00:00:49]} Nf6 {[%clk
01:29:58]} {[%emt 00:01:49]} 4. g3 {[%clk 01:28:07]} {[%emt 00:03:26]} dxc4
{[%clk 01:29:05]} {[%emt 00:01:23]} 5. Qa4+ {[%clk 01:27:10]} {[%emt 00:01:26]}
Nbd7 {[%clk 01:28:06]} {[%emt 00:01:28]} 6. Qxc4 {[%clk 01:26:00]} {[%emt
00:01:42]} c5 {[%clk 01:28:04]} {[%emt 00:00:32]} 7. dxc5 {[%clk 01:24:45]}
{[%emt 00:01:44]} Bxc5 {[%clk 01:28:14]} {[%emt 00:00:20]} 8. Bg2 {[%clk
01:22:08]} {[%emt 00:03:07]} O-O {[%clk 01:27:40]} {[%emt 00:01:05]} 9. O-O
{[%clk 01:21:47]} {[%emt 00:00:50]} Qc7 {[%clk 01:18:11]} {[%emt 00:09:59]} 10.
e3 {[%clk 01:12:16]} {[%emt 00:10:02]} Nb6 {[%clk 01:15:05]} {[%emt 00:03:36]}
11. Qe2 {[%clk 01:03:15]} {[%emt 00:09:27]} Bd7 {[%clk 01:12:48]} {[%emt
00:02:50]} 12. Nc3 {[%clk 00:56:22]} {[%emt 00:07:24]} Bc6 {[%clk 01:08:22]}
{[%emt 00:04:55]} 13. a3 {[%clk 00:52:02]} {[%emt 00:04:51]} a5 {[%clk
01:06:47]} {[%emt 00:02:04]} 14. e4 {[%clk 00:49:04]} {[%emt 00:03:29]} Nbd7
{[%clk 00:57:49]} {[%emt 00:09:28]} 15. Bf4 {[%clk 00:37:54]} {[%emt 00:11:39]}
e5 {[%clk 00:56:49]} {[%emt 00:01:30]} 16. Bd2 {[%clk 00:35:55]} {[%emt
00:02:29]} Rab8 {[%clk 00:54:15]} {[%emt 00:03:05]} 17. b4 {[%clk 00:26:43]}
{[%emt 00:09:43]} Bd4 {[%clk 00:43:04]} {[%emt 00:11:40]} 18. Nxd4 {[%clk
00:23:16]} {[%emt 00:03:57]} exd4 {[%clk 00:43:21]} {[%emt 00:00:13]} 19. Nd5
{[%clk 00:23:17]} {[%emt 00:00:29]} Bxd5 {[%clk 00:40:31]} {[%emt 00:03:20]}
20. exd5 {[%clk 00:23:40]} {[%emt 00:00:07]} Qd8 {[%clk 00:40:03]} {[%emt
00:00:57]} 21. bxa5 {[%clk 00:23:16]} {[%emt 00:00:55]} Nc5 {[%clk 00:37:57]}
{[%emt 00:02:34]} 22. Bb4 {[%clk 00:21:02]} {[%emt 00:02:45]} Re8 {[%clk
00:38:10]} {[%emt 00:00:16]} 23. Qc4 {[%clk 00:20:39]} {[%emt 00:00:53]} Nce4
{[%clk 00:37:59]} {[%emt 00:00:42]} 24. Qxd4 {[%clk 00:20:34]} {[%emt
00:00:35]} Qxd5 {[%clk 00:37:47]} {[%emt 00:00:41]} 25. Rad1 {[%clk 00:20:07]}
{[%emt 00:00:56]} Qh5 {[%clk 00:34:57]} {[%emt 00:03:21]} 26. Rfe1 {[%clk
00:12:35]} {[%emt 00:08:03]} Ng5 {[%clk 00:18:51]} {[%emt 00:16:35]} 27. Rxe8+
{[%clk 00:11:03]} {[%emt 00:02:02]} Rxe8 {[%clk 00:09:09]} {[%emt 00:10:13]}
28. Re1 {[%clk 00:09:08]} {[%emt 00:02:24]} Nf3+ {[%clk 00:08:00]} {[%emt
00:01:40]} 29. Bxf3 {[%clk 00:09:24]} {[%emt 00:00:14]} Qxf3 {[%clk 00:08:24]}
{[%emt 00:00:06]} 30. Rxe8+ {[%clk 00:09:37]} {[%emt 00:00:18]} Nxe8 {[%clk
00:08:47]} {[%emt 00:00:06]} 31. Qd8 {[%clk 00:09:15]} {[%emt 00:00:50]} Qc6
{[%clk 00:08:50]} {[%emt 00:00:28]} 32. Qe7 {[%clk 00:08:55]} {[%emt 00:00:52]}
h6 {[%clk 00:08:16]} {[%emt 00:01:03]} 33. Qf8+ {[%clk 00:08:20]} {[%emt
00:01:05]} Kh7 {[%clk 00:08:40]} {[%emt 00:00:06]} 34. Qxf7 {[%clk 00:08:15]}
{[%emt 00:00:35]} Qc1+ {[%clk 00:08:57]} {[%emt 00:00:13]} 35. Kg2 {[%clk
00:08:26]} {[%emt 00:00:20]} Qc6+ {[%clk 00:09:16]} {[%emt 00:00:11]} 36. Qf3
{[%clk 00:08:48]} {[%emt 00:00:08]} Qd7 {[%clk 00:08:13]} {[%emt 00:01:32]} 37.
Qe4+ {[%clk 00:08:53]} {[%emt 00:00:25]} Kh8 {[%clk 00:07:52]} {[%emt
00:00:51]} 38. Bc3 {[%clk 00:08:35]} {[%emt 00:00:47]} Nd6 {[%clk 00:06:06]}
{[%emt 00:02:16]} 39. Qd5 {[%clk 00:08:15]} {[%emt 00:00:51]} Qc8 {[%clk
00:04:15]} {[%emt 00:02:21]} 40. Bxg7+ {[%clk 00:08:13]} {[%emt 00:00:34]} Kxg7
{[%clk 00:04:35]} {[%emt 00:00:09]} 41. Qxd6 {[%clk 00:08:18]} {[%emt
00:00:25]} Qa8 {[%clk 00:04:01]} {[%emt 00:01:03]} 42. Qb6 {[%clk 00:07:48]}
{[%emt 00:01:01]} Kh7 {[%clk 00:02:58]} {[%emt 00:01:32]} 43. h3 {[%clk
00:07:00]} {[%emt 00:01:17]} Qc8 {[%clk 00:03:13]} {[%emt 00:00:15]} 44. g4
{[%clk 00:06:59]} {[%emt 00:00:33]} Qd7 {[%clk 00:03:07]} {[%emt 00:00:35]} 45.
Qb1+ {[%clk 00:05:44]} {[%emt 00:01:45]} Kg7 {[%clk 00:03:27]} {[%emt
00:00:09]} 46. Qe4 {[%clk 00:05:00]} {[%emt 00:01:13]} Qb5 {[%clk 00:03:14]}
{[%emt 00:00:38]} 47. Kg3 {[%clk 00:03:17]} {[%emt 00:02:18]} Qb3+ {[%clk
00:03:15]} {[%emt 00:00:31]} 48. f3 {[%clk 00:02:57]} {[%emt 00:00:50]} Kf6
{[%emt 00:10:09]} 0-1

[Event "DEM U16w 2025"]
[Site "Willingen GER"]
[Date "2025.06.13"]
[Round "8"]
[White "Moldovan, Stela"]
[Black "Ignatova, Gabriela"]
[Result "1-0"]
[Termination "normal"]
[Board "7"]
[WhiteElo "1711"]
[BlackElo "1688"]
[WhiteClock "01:03:09"]
[BlackClock "00:12:36"]
[PlyCount "109"]
[WhiteFideId "16287380"]
[BlackFideId "34623698"]
[EventCountry "GER"]
[EventRounds "9"]
[EventType "swiss"]
[EventDate "2025.06.07"]

1. d4 {[%clk 01:30:54]} {[%emt 00:00:05]} Nf6 {[%clk 01:30:44]} {[%emt
00:00:16]} 2. Nf3 {[%clk 01:30:03]} {[%emt 00:01:21]} c5 {[%clk 01:30:40]}
{[%emt 00:00:34]} 3. e3 {[%clk 01:30:20]} {[%emt 00:00:13]} g6 {[%clk
01:30:42]} {[%emt 00:00:27]} 4. c4 {[%clk 01:29:43]} {[%emt 00:01:08]} Bg7
{[%clk 01:26:16]} {[%emt 00:04:55]} 5. Nc3 {[%clk 01:28:44]} {[%emt 00:01:29]}
O-O {[%clk 01:24:20]} {[%emt 00:02:26]} 6. Be2 {[%clk 01:28:02]} {[%emt
00:01:12]} cxd4 {[%clk 01:22:48]} {[%emt 00:02:04]} 7. exd4 {[%clk 01:28:01]}
{[%emt 00:00:30]} d5 {[%clk 01:22:56]} {[%emt 00:00:22]} 8. c5 {[%clk
01:26:20]} {[%emt 00:02:11]} Nc6 {[%clk 01:20:50]} {[%emt 00:02:35]} 9. Be3
{[%clk 01:25:23]} {[%emt 00:01:26]} Bf5 {[%clk 01:16:29]} {[%emt 00:04:51]} 10.
O-O {[%clk 01:23:58]} {[%emt 00:01:57]} Rc8 {[%clk 01:12:23]} {[%emt 00:04:36]}
11. Rc1 {[%clk 01:17:24]} {[%emt 00:07:03]} Bg4 {[%clk 01:08:01]} {[%emt
00:04:52]} 12. Nb5 {[%clk 01:13:24]} {[%emt 00:04:30]} a6 {[%clk 01:04:55]}
{[%emt 00:03:38]} 13. Na3 {[%clk 01:13:41]} {[%emt 00:00:11]} e6 {[%clk
00:59:42]} {[%emt 00:05:44]} 14. Nc2 {[%clk 01:10:15]} {[%emt 00:03:55]} Bxf3
{[%clk 00:55:48]} {[%emt 00:04:24]} 15. Bxf3 {[%clk 01:08:26]} {[%emt
00:02:19]} Qd7 {[%clk 00:56:10]} {[%emt 00:00:09]} 16. Qd2 {[%clk 01:07:43]}
{[%emt 00:01:11]} Rfe8 {[%clk 00:55:54]} {[%emt 00:00:49]} 17. Rfd1 {[%clk
01:05:51]} {[%emt 00:02:19]} b6 {[%clk 00:45:05]} {[%emt 00:11:21]} 18. Nb4
{[%clk 01:00:23]} {[%emt 00:05:56]} bxc5 {[%clk 00:42:30]} {[%emt 00:03:08]}
19. dxc5 {[%clk 00:58:09]} {[%emt 00:02:44]} Ne5 {[%clk 00:41:52]} {[%emt
00:01:07]} 20. Be2 {[%clk 00:57:56]} {[%emt 00:00:41]} a5 {[%clk 00:41:47]}
{[%emt 00:00:36]} 21. Nc2 {[%clk 00:57:10]} {[%emt 00:01:15]} a4 {[%clk
00:38:42]} {[%emt 00:03:37]} 22. Nd4 {[%clk 00:56:09]} {[%emt 00:01:30]} Ne4
{[%clk 00:36:25]} {[%emt 00:02:47]} 23. Qc2 {[%clk 00:55:05]} {[%emt 00:01:32]}
Rxc5 {[%clk 00:31:44]} {[%emt 00:05:14]} 24. Qb1 {[%clk 00:51:29]} {[%emt
00:04:02]} Rxc1 {[%clk 00:30:26]} {[%emt 00:01:52]} 25. Rxc1 {[%clk 00:51:38]}
{[%emt 00:00:21]} Rc8 {[%clk 00:30:00]} {[%emt 00:00:56]} 26. Bb5 {[%emt
00:00:37]} Rxc1+ {[%clk 00:30:15]} {[%emt 00:00:12]} 27. Qxc1 {[%clk 00:51:57]}
{[%emt 00:00:06]} Qb7 {[%clk 00:29:38]} {[%emt 00:01:07]} 28. Qc2 {[%clk
00:50:42]} {[%emt 00:01:40]} a3 {[%clk 00:26:09]} {[%emt 00:04:05]} 29. b3
{[%clk 00:48:26]} {[%emt 00:02:44]} Ng4 {[%clk 00:22:17]} {[%emt 00:04:24]} 30.
Ba4 {[%clk 00:45:49]} {[%emt 00:03:06]} Nxe3 {[%clk 00:18:33]} {[%emt
00:04:14]} 31. fxe3 {[%clk 00:46:14]} {[%emt 00:00:06]} Bxd4 {[%clk 00:17:02]}
{[%emt 00:02:02]} 32. exd4 {[%clk 00:46:37]} {[%emt 00:00:06]} Qb4 {[%clk
00:17:05]} {[%emt 00:00:25]} 33. Qd3 {[%clk 00:43:59]} {[%emt 00:03:04]} Qd2
{[%clk 00:13:51]} {[%emt 00:03:48]} 34. Qxd2 {[%clk 00:44:02]} {[%emt
00:00:29]} Nxd2 {[%clk 00:14:15]} {[%emt 00:00:06]} 35. b4 {[%clk 00:44:14]}
{[%emt 00:00:17]} Kf8 {[%clk 00:14:26]} {[%emt 00:00:20]} 36. Kf2 {[%clk
00:44:27]} {[%emt 00:00:15]} Ne4+ {[%clk 00:13:13]} {[%emt 00:01:45]} 37. Ke3
{[%clk 00:44:38]} {[%emt 00:00:18]} Nc3 {[%clk 00:13:21]} {[%emt 00:00:24]} 38.
Bb3 {[%clk 00:44:42]} {[%emt 00:00:23]} Ke7 {[%clk 00:13:21]} {[%emt 00:00:31]}
39. Kd3 {[%clk 00:44:45]} {[%emt 00:00:26]} Ne4 {[%clk 00:10:27]} {[%emt
00:03:26]} 40. Ba4 {[%clk 00:44:08]} {[%emt 00:01:04]} f6 {[%clk 00:08:42]}
{[%emt 00:02:17]} 41. Kc2 {[%clk 00:42:31]} {[%emt 00:02:05]} e5 {[%emt
00:02:10]} 42. Kb3 exd4 {[%clk 00:07:05]} 43. Kxa3 {[%clk 00:41:22]} d3 {[%clk
00:07:03]} {[%emt 00:02:56]} 44. Kb2 {[%clk 00:41:36]} d2 {[%clk 00:07:17]}
{[%emt 00:00:47]} 45. Bd1 {[%clk 00:41:13]} d4 {[%clk 00:02:20]} {[%emt
00:06:19]} 46. Kc2 {[%clk 00:40:22]} {[%emt 00:01:20]} Kd6 {[%clk 00:29:03]}
{[%emt 00:03:47]} 47. a4 {[%clk 01:08:38]} {[%emt 00:02:15]} Kc6 {[%clk
00:28:39]} {[%emt 00:00:55]} 48. Bf3 {[%clk 01:07:24]} {[%emt 00:01:42]} f5
{[%clk 00:28:35]} {[%emt 00:00:36]} 49. g4 {[%clk 01:07:14]} {[%emt 00:00:40]}
Kc7 {[%clk 00:16:32]} {[%emt 00:16:23]} 50. a5 {[%clk 01:04:17]} Nc3 {[%clk
00:16:29]} {[%emt 00:01:10]} 51. b5 {[%clk 01:04:24]} Kb8 {[%emt 00:02:10]} 52.
b6 {[%clk 01:03:54]} Ne4 {[%clk 00:14:05]} 53. Kxd2 {[%clk 01:02:56]} Nf2
{[%clk 00:12:49]} {[%emt 00:03:14]} 54. Kd3 {[%clk 01:03:03]} Nxg4 {[%clk
00:12:36]} 55. Kxd4 {[%clk 01:03:09]} 1-0

[Event "DEM U16w 2025"]
[Site "Willingen GER"]
[Date "2025.06.13"]
[Round "8"]
[White "Kutz, Ida Klara"]
[Black "Rabe, Elina"]
[Result "1-0"]
[Termination "normal"]
[Board "8"]
[WhiteElo "1783"]
[BlackElo "1507"]
[WhiteClock "00:00:59"]
[BlackClock "00:29:27"]
[PlyCount "65"]
[WhiteFideId "16296257"]
[BlackFideId "34623531"]
[EventCountry "GER"]
[EventRounds "9"]
[EventType "swiss"]
[EventDate "2025.06.07"]

1. d4 {[%clk 01:30:57]} {[%emt 00:00:03]} c5 {[%clk 01:30:54]} {[%emt
00:00:06]} 2. Nf3 {[%clk 01:31:18]} {[%emt 00:00:09]} Nf6 {[%clk 01:31:07]}
{[%emt 00:00:16]} 3. e3 {[%clk 01:31:40]} {[%emt 00:00:09]} cxd4 {[%clk
01:31:31]} {[%emt 00:00:05]} 4. exd4 {[%clk 01:31:25]} {[%emt 00:00:43]} d5
{[%clk 01:31:49]} {[%emt 00:00:13]} 5. Be2 {[%clk 01:31:27]} {[%emt 00:00:29]}
g6 {[%clk 01:31:47]} {[%emt 00:00:32]} 6. O-O {[%clk 01:31:03]} {[%emt
00:00:54]} Bg7 {[%clk 01:32:07]} {[%emt 00:00:10]} 7. b3 {[%clk 01:31:13]}
{[%emt 00:00:20]} O-O {[%clk 01:32:13]} {[%emt 00:00:24]} 8. Bb2 {[%clk
01:30:15]} {[%emt 00:01:29]} Bg4 {[%clk 01:30:32]} {[%emt 00:02:10]} 9. c4
{[%clk 01:29:31]} {[%emt 00:01:14]} e6 {[%clk 01:29:40]} {[%emt 00:01:22]} 10.
Nc3 {[%clk 01:29:03]} {[%emt 00:00:56]} Nbd7 {[%clk 01:24:55]} {[%emt
00:05:18]} 11. Rc1 {[%clk 01:25:39]} {[%emt 00:03:52]} Qb6 {[%clk 01:23:18]}
{[%emt 00:02:08]} 12. Na4 {[%clk 01:22:23]} {[%emt 00:03:46]} Qd8 {[%clk
01:20:22]} {[%emt 00:03:25]} 13. h3 {[%clk 01:19:43]} {[%emt 00:03:11]} Bxf3
{[%clk 01:20:19]} {[%emt 00:00:33]} 14. Bxf3 {[%clk 01:20:06]} {[%emt
00:00:07]} Rc8 {[%clk 01:18:33]} {[%emt 00:02:15]} 15. Nc3 {[%clk 01:10:27]}
{[%emt 00:10:09]} Nb6 {[%clk 01:16:34]} {[%emt 00:02:30]} 16. Ba3 {[%clk
01:07:27]} {[%emt 00:03:30]} Bh6 {[%clk 01:11:54]} {[%emt 00:05:11]} 17. Rb1
{[%clk 01:01:21]} {[%emt 00:06:35]} Re8 {[%clk 01:09:19]} {[%emt 00:03:05]} 18.
c5 {[%clk 00:54:18]} {[%emt 00:07:33]} Nbd7 {[%clk 01:06:04]} {[%emt 00:03:45]}
19. b4 {[%clk 00:39:24]} {[%emt 00:15:24]} a6 {[%clk 00:58:33]} {[%emt
00:08:01]} 20. Bc1 {[%clk 00:22:38]} {[%emt 00:17:16]} Bxc1 {[%clk 00:57:23]}
{[%emt 00:01:40]} 21. Rxc1 {[%clk 00:22:58]} {[%emt 00:00:09]} b6 {[%clk
00:56:39]} {[%emt 00:01:15]} 22. Be2 {[%clk 00:16:54]} {[%emt 00:06:33]} a5
{[%clk 00:50:28]} {[%emt 00:06:42]} 23. Nb5 {[%clk 00:16:06]} {[%emt 00:01:17]}
Rc6 {[%clk 00:39:47]} {[%emt 00:11:12]} 24. Nd6 {[%clk 00:13:46]} {[%emt
00:02:50]} Rf8 {[%clk 00:39:43]} {[%emt 00:00:34]} 25. Qa4 {[%clk 00:05:14]}
{[%emt 00:09:02]} Qa8 {[%clk 00:34:27]} {[%emt 00:05:45]} 26. Bb5 {[%clk
00:00:48]} {[%emt 00:04:57]} Rc7 {[%clk 00:34:06]} {[%emt 00:00:50]} 27. Qb3
{[%clk 00:00:48]} {[%emt 00:00:30]} axb4 {[%clk 00:33:12]} {[%emt 00:01:25]}
28. Qxb4 {[%clk 00:01:00]} {[%emt 00:00:18]} bxc5 {[%clk 00:31:52]} {[%emt
00:01:50]} 29. dxc5 {[%clk 00:01:20]} {[%emt 00:00:10]} Qxa2 {[%clk 00:30:47]}
{[%emt 00:01:36]} 30. Ra1 {[%clk 00:01:38]} {[%emt 00:00:12]} Qc2 {[%clk
00:30:29]} {[%emt 00:00:47]} 31. Rfc1 {[%clk 00:02:01]} {[%emt 00:00:07]} Qxc1+
{[%clk 00:29:14]} {[%emt 00:01:45]} 32. Rxc1 {[%clk 00:02:25]} {[%emt
00:00:05]} Ne5 {[%clk 00:29:27]} {[%emt 00:00:18]} 33. Qf4 {[%clk 00:00:59]}
{[%emt 00:01:57]} 1-0